LDR 00830nam a2200229 i 4500 001 000000350683 003 CaOOAMICUS 005 20220628145706.0 008 220628s20uu it u000 u ita u 013 $a53295 040 $aSeMil$bita 245 00$a[Ecclesiologia :$bdispensa]. 260 $aVenegono Inf. :$b[s.n.],$c[20-?] 300 $aP. 51-189 ;$c30 cm. 505 10$aManca prima parte 650 4$aDispense scolastiche.$0(OLS)http://semarc/subject/526 650 4$aEcclesiologia.$0(OLS)http://semarc/subject/42996 850 $aSeMil 852 $aSeMil$W1$xVenegono$y1$m6X V 74/2$j233363$B241684$CSeMilBibl$Z2$F241684 $8B 996 $6245$a[Ecclesiologia :$bdispensa]$9(OLS)http://semarc/title/440486 996 $6260$aVenegono Inf. :$b[s.n.]$9(OLS)http://semarc/publisher/29944